| 000 | 00995nam a22003017a 4500 | ||
|---|---|---|---|
| 001 | 5061 | ||
| 003 | FISKH | ||
| 005 | 20241104123635.0 | ||
| 008 | 241104b cb ||||| |||| 00| 0 eng d | ||
| 020 | _a0590899821 | ||
| 040 |
_aFISKH _beng _cFISKH _dFISKH |
||
| 050 | _aPZ7.V816 | ||
| 082 | _a813.54 | ||
| 100 |
_aViorst, Judith _d(1931-) |
||
| 245 |
_aAlexander, who's not (do you hear me? i mean it!) going to move / _cJudith Viorst illustrated by Robin Preiss Glasser in the style of Ray Cruz |
||
| 250 | _aFirst printing in 1996 | ||
| 260 |
_aNew York : _bScholastic, _c1995. |
||
| 300 |
_a28 pages : _billustrations ; _c19 cm |
||
| 505 | _aN | ||
| 520 | _aAngry Alexander refuses to move away if it means having to leave his favorite friends and special places. | ||
| 521 | 8 |
_a550L
_bLexile |
|
| 521 | 8 |
_aN
_bRaz-Plus |
|
| 650 |
_2Fiction _aFeelings |
||
| 650 |
_2Family _aEmotions |
||
| 700 |
_aGlasser, Preiss Robin _dIllustrator |
||
| 942 |
_2ddc _cBK _n0 |
||
| 999 |
_c5061 _d5061 |
||